000 00874nam a2200217 a 4500
008 110906s2007 ||||||||||||||||| || u
020 _a1416032819
050 _aRM 101 Con
100 _aRakel, Robert E
245 1 0 _aConn's current therapy 2007: latest approved methods of treatment for the practicing physician
_c[edited by] Robert E. Rakel, Edward T. Bope
260 _aPhiladelphia, PA
_bSaunders/ Elsevier
_c2007
300 _axxxv, 1518p.: ill.
350 _a0.00
650 _aTHERAPEUTICS
650 _aMEDICINE--PRACTICE
650 _aMEDICINE
650 _aTHERAPEUTICS, SURGICAL
700 _aConn, Howard Franklin, 1808-1982
700 _aBope, Edward T
995 _aMICHAEL CHILUFYA SATA OPEN ACCESS
_D0.00
_e900088
_FCBU-SCHOOL OF MEDICINE LIBRARY (Ndola)
_H1
_I0.00
_jRM 101 CON
_M1
_UAVAILABLE
_WOct 26, 2011
_y900088
_ZMedical Library Open Access Collection
999 _c31145
_d31145